000 00903cam a2200241 4500
008 010921n2001 000 0 eng u
020 _a0273646834
035 _a(Sirsi) u114711
050 _a657
100 _aDyson, J.R.
245 _aAccounting for non-accounting students
250 _a5th ed.
260 _aHarlow
_bPearson Education
_c2001
300 _axiv,483p.
_c25cm.
350 _a29.99
520 _aThe fifth edition of this standard text which has been substantially revised to make it more accessible and easier to use. Includes an expanded and updated section on management accounting.
650 _aMANAGEMENT-BUSINESS MANAGEMENT-FINANCIAL MANAGEMENT-ACCOUNTING
650 _aMANAGEMENT-BUSINESS MANAGEMENT-FINANCIAL MANAGEMENT-ACCOUNTING
650 _aFINANCIAL ACCOUNTING
650 _aMANAGEMENT ACCOUNTING
690 _aMANAGEMENT-BUSINESS MANAGEMENT
942 _n0
999 _c101640
_d101640